Textbook on administrative law / (Record no. 104710)

MARC details
000 -LEADER
fixed length control field 00563nam a22001817a 4500
005 - DATE AND TIME OF LATEST TRANSACTION
control field 20161122170457.0
010 ## - LCCN (DPL NO)
LC control number ENG-116615
020 ## - INTERNATIONAL STANDARD BOOK NUMBER
International Standard Book Number 9789351437055
Terms of availability 395.00
035 ## - SYSTEM CONTROL NUMBER
System control number EN-100147
037 ## - SOURCE OF ACQUISITION
Source of stock number/acquisition DBAD/PUB
082 ## - DEWEY DECIMAL CLASSIFICATION NUMBER
Classification number 342.5406
100 ## - MAIN ENTRY--PERSONAL NAME
Personal name Ghose,Yashomati
245 ## - TITLE STATEMENT
Title Textbook on administrative law /
Statement of responsibility, etc by Yashomati Ghose
260 ## - PUBLICATION, DISTRIBUTION, ETC. (IMPRINT)
Place of publication, distribution, etc Gurgaon
Name of publisher, distributor, etc LexisNexis
Date of publication, distribution, etc 2016
270 ## - ADDRESS
Address 14th Floor, Building No.10, Tower-B, DLF Cyber City, Phase-II
City Gurgaon
Postal code 122002
300 ## - PHYSICAL DESCRIPTION
Extent xvii,482p.
Dimensions 24cm(pbk)
942 ## - ADDED ENTRY ELEMENTS (KOHA)
Source of classification or shelving scheme Dewey Decimal Classification
Item type English Books
Call number suffix GHO
Classification part 342.5406
Holdings
Withdrawn status Lost status Not for loan Collection code Home library Current library Date acquired Source of acquisition Cost, normal purchase price Full call number Barcode Copy number Cost, replacement price Koha item type
      Non-fiction Vinoba Puri Vinoba Puri 22/11/2016 DBAD/PUB 395.00 342.5406 GHO EN-100147 1 395.00 English Books

© Delhi Public Library
Hit Counter
free hit counter